| 000 | 00734nmc a2200265 a 4500 | ||
|---|---|---|---|
| 003 | AR-BaBNM | ||
| 005 | 20251128202836.0 | ||
| 008 | 026019s1953 ||||||||||||||000 | spa|| | ||
| 040 | _cAR-BaBNM | ||
| 100 | 1 |
_aEstrada, José Manuel _d1842-1894 |
|
| 245 | 1 | 0 | _aDiscursos selectos |
| 260 |
_aBuenos Aires _bJackson _c1953 |
||
| 300 | 1 | _axxxiv, 292 p. | |
| 490 | 0 |
_aGrandes Escritores Argentinos _vv. 23 |
|
| 650 | 4 | _aROSAS Y SU TIEMPO | |
| 650 | 4 | _aHISTORIA DEL DERECHO ARGENTINO | |
| 650 | 4 | _aHISTORIA TUCUMANA | |
| 650 | 4 | _aHISTORIA DE LA EDUCACION | |
| 650 | 4 | _aDISCURSOS | |
| 650 | 4 | _aGENERACION DE 1880 | |
| 700 | 1 |
_aGroussac, Paul _eprologuista |
|
| 800 | 1 |
_aPalcos, Alberto _edirector |
|
| 942 | _cBK | ||
| 998 | _cisola | ||
| 999 |
_c839 _d839 |
||